|
|
|
|
| LEADER |
00000cam a2200000 7i4500 |
| 001 |
0000039769 |
| 005 |
20140106.0 |
| 090 |
0 |
0 |
|a DVD
|b 107
|
| 245 |
0 |
0 |
|a Pembelajaran tarian - tarian malaysia[dvd] :
|b a teaching guide to Malaysia dance
|
| 260 |
|
|
|a Kuala Lumpur ,
|c 2011
|
| 300 |
|
|
|a DVD
|
| 650 |
|
0 |
|a Jabatan Kebudayaan & Kesenian Negara
|
| 650 |
|
0 |
|a Kementerian Penerangan Malaysia
|x Rtm
|
| 999 |
|
|
|a 0001261201
|b Digital Video Disc
|c Children Collection
|e Cawangan Bandar Tenggara
|
| 999 |
|
|
|a 0001261206
|b Digital Video Disc
|c REFERENCE
|e Cawangan Segamat
|
| 999 |
|
|
|a 0001261212
|b Digital Video Disc
|c Audiovisual
|e Cawangan Muar
|
| 999 |
|
|
|a CD01261207
|b Digital Video Disc
|c Audiovisual
|e Cawangan Tmn. Ungku Tun Aminah
|
| 999 |
|
|
|a CD01261209
|b CD-ROM
|c Adult Collection
|e Cawangan Taman Sri Lambak
|
| 999 |
|
|
|a CD01261925
|b Digital Video Disc
|c REFERENCE
|e Perbadanan Perpustakaan Awam Johor
|